Olivia Rodrigo - Paroles obsessed - Statistiques

Statistiques générales
  • Ce quiz a été pris 212 fois
  • Le résultat moyen est 330 sur 386
Statistiques - réponses
Hint Réponse % Correct
I
99%
oh
98%
Oh
98%
whoa)
98%
you
97%
You
97%
be
96%
ex
96%
obsessed
96%
(ah)
95%
(ah,
95%
ah)
95%
so
95%
So
95%
with
95%
your
95%
your,
95%
I'm
94%
She
94%
she
94%
And
93%
and,
93%
and
93%
my
93%
bed
92%
bed?
92%
her
92%
her,
92%
her?
92%
in
92%
know
92%
been
91%
it,
91%
it
91%
on
91%
on,
91%
she's
91%
Couplet 2 She's
91%
side
91%
about
90%
can
90%
ever
90%
think
90%
every
89%
love
89%
baby
88%
me
88%
me,
88%
feel
86%
huh)
86%
of
86%
star
86%
(uh
86%
careful,
85%
Couplet 1 If
85%
if
85%
Bridge Is
85%
get
84%
good
84%
asleep
83%
But
83%
friends
83%
friends?
83%
how
83%
much
83%
told
83%
Do
82%
god,
82%
(god,
82%
sign,
82%
at
81%
blood
81%
movie
81%
no,
81%
No,
81%
type
81%
was
81%
we're
81%
best
80%
for
80%
name,
80%
wanna
80%
beautiful
79%
pictures
79%
can't
78%
mistake
78%
seen
78%
even
77%
kids
77%
got
76%
help
76%
like
76%
time
76%
crazy
75%
I've
75%
kindly
75%
loved
75%
ha
74%
hurt
74%
The
74%
looked
73%
starin'
73%
You'd
73%
detail
72%
lips,
72%
would
72%
fuckin'
71%
it's
71%
knew
71%
remember
71%
hips
70%
Never
70%
speaks
70%
talented,
70%
those
70%
controlling?
69%
da-
69%
da,
69%
da
69%
going?
69%
have
69%
party
69%
Yeah,
69%
call
68%
easy
68%
don't
66%
Yeah,
66%
issues,
65%
Intro La-
65%
la-
65%
Well
65%
moved
64%
Pré-refrain 'Cause
62%
talk
62%
makes
60%
life
59%
matter,
58%
tell
58%
doesn't
57%
both
56%
fine,
53%
upset
51%
upset,
51%
read?
47%
traveled?
47%
huh
45%
butthurt
32%
Aucun quiz correspondant
Distribution des résultats
% des personnes avec chaque résultat
Percentile par nombre de réponses
Votre historique - résultats
Vous n’avez pas pris ce quiz